Ley de distribución de Boltzmann
Kaydedildi:
| Yazar: | |
|---|---|
| Materyal Türü: | Kitap |
| Dil: | İspanyolca |
| Baskı/Yayın Bilgisi: |
Buenos Aires
EUDEBA
1965
|
| Seri Bilgileri: | Cuadernos de EUDEBA, 131
|
| Konular: | |
| Etiketler: |
Etiketle
Etiket eklenmemiş, İlk siz ekleyin!
|
MARC
| LEADER | 00000nam a2200000 a 4500 | ||
|---|---|---|---|
| 001 | UCT1487 | ||
| 003 | CL-VaPUC | ||
| 008 | 960927e19650000AG |||||||||||||||||spa|d | ||
| 082 | 0 | 4 | |a 539 |b GUG |2 21 |
| 100 | |a Guggenheim, E. A |e author |9 536148 | ||
| 245 | 1 | 0 | |a Ley de distribución de Boltzmann |
| 300 | |a 75 p | ||
| 942 | |c BK | ||
| 945 | |d 19960927 00:00:00 |a paguirre | ||
| 260 | |a Buenos Aires |b EUDEBA |c 1965 | ||
| 650 | 0 | |a Teoría cuántica |9 266148 | |
| 650 | 0 | |a Gases |9 260945 | |
| 650 | 7 | |a EQUILIBRIOS QUIMICOS |2 CL-VaPUC |9 336637 | |
| 650 | 0 | |a Estados de la Materia |9 347141 | |
| 650 | 7 | |a TEMPERATURA |2 CL-VaPUC |9 370400 | |
| 583 | |a last modification |c 19960927 00:00:00 |k Rodrigo Vera | ||
| 490 | 0 | |a Cuadernos de EUDEBA, 131 | |
| 999 | |c 251999 |d 251997 | ||